000 00621nam a2200181 i 4500
001 bg
245 0 _aThin walled steel structures :
_btheir design and use in building : symposium at Universty College of Swansea Scholl of Engineering, 11-14th September 1967 /
_ced. by K.C. Rockey and Harold V. Hill.
260 _aLondon :
_bCrosby Lockwood,
_c1969.
650 9 _aKonstrukcje stalowe
655 _aMateriaƂy konferencyjne
700 1 _aRockey, K. C.
_eRed.
700 1 _aHill, Harold V.
_eRed.
040 _cBPK
041 _apol
080 _a624.01/.07
942 _cKS
008 s pl f |000 0 pol
999 _c8115
_d8115
856 _uhttp://koha.tu.koszalin.pl/cgi-bin/koha/opac-detail.pl?biblionumber=8115
_yKatalog online BPK